| 000 | 00426nam a22001577a 4500 | ||
|---|---|---|---|
| 020 | _a9788122431452 | ||
| 040 | _cNUST | ||
| 082 | _a604.2 VEN | ||
| 100 |
_aVenugopal, K. _9113014 |
||
| 110 |
_aRaja, V. Prabhu _9113015 |
||
| 245 | _aEngineering Drawing + AutoCAD | ||
| 250 | _a5th Edition | ||
| 260 |
_aNew Delhi: _bNew Age International, _c2015. |
||
| 650 |
_aEngineering Drawing + AutoCAD _9113016 |
||
| 942 |
_2ddc _cBK |
||
| 999 |
_c594922 _d594922 |
||